Murder most foul: the killer and the American Gothic imagination
| Autor principal: | |
|---|---|
| Tipo de documento: | Print Libro |
| Lenguaje: | Inglés |
| Publicado: |
Cambridge, Mass. [u.a.]
Harvard University Press
1998
|
| En: | Año: 1998 |
| Acceso en línea: |
Book review (H-Net) Book review (H-Net) Book review (H-Net) |
| Disponibilidad en Tübingen: | Disponible en Tübingen. UB: KB 19 A 7191 |
| Verificar disponibilidad: | HBZ Gateway |
| Servicio de pedido Subito: | Pedir ahora. |
| Palabras clave: |
MARC
| LEADER | 00000cam a2200000 c 4500 | ||
|---|---|---|---|
| 001 | 244456658 | ||
| 003 | DE-627 | ||
| 005 | 20260206202911.0 | ||
| 007 | tu | ||
| 008 | 980530s1998 xxu||||| 00| ||eng c | ||
| 010 | |a 98022624 | ||
| 016 | 7 | |a b98W0348 |2 UK | |
| 020 | |a 067458855X |9 0-674-58855-X | ||
| 035 | |a (DE-627)244456658 | ||
| 035 | |a (DE-603)092752535 | ||
| 035 | |a (DE-576)07465229X | ||
| 035 | |a (DE-599)GBV244456658 | ||
| 035 | |a (OCoLC)231774744 | ||
| 035 | |a (OCoLC)39101962 | ||
| 035 | |a (OCoLC)185407075 | ||
| 040 | |a DE-627 |b ger |c DE-627 |e rakwb | ||
| 041 | |a eng | ||
| 044 | |c XD-US |c XA-GB | ||
| 050 | 0 | |a HV6524 | |
| 082 | 0 | |a 364.15/23/0973 |q LOC |2 21 | |
| 082 | 0 | |a 364.15230973 | |
| 084 | |a 7,24 |2 ssgn | ||
| 084 | |a HT 1821 |2 rvk |0 (DE-625)rvk/53412: | ||
| 084 | |a 18.06 |2 bkl | ||
| 084 | |a 17.87 |2 bkl | ||
| 100 | 1 | |a Halttunen, Karen |d 1951- |0 (DE-588)136428932 |0 (DE-627)694375381 |0 (DE-576)161284213 |4 aut | |
| 109 | |a Halttunen, Karen 1951- | ||
| 245 | 1 | 0 | |a Murder most foul |b the killer and the American Gothic imagination |c Karen Halttunen |
| 263 | |a £18.50 : CIP entry (Nov.) | ||
| 264 | 1 | |a Cambridge, Mass. [u.a.] |b Harvard University Press |c 1998 | |
| 300 | |a XIV, 322 S |b Ill | ||
| 336 | |a Text |b txt |2 rdacontent | ||
| 337 | |a ohne Hilfsmittel zu benutzen |b n |2 rdamedia | ||
| 338 | |a Band |b nc |2 rdacarrier | ||
| 500 | |a Literaturverz. S. 253 - 312 | ||
| 583 | 1 | |a Archivierung prüfen |c 20240324 |f DE-4165 |z 3 |2 pdager | |
| 648 | 7 | |a Geschichte |2 gnd | |
| 650 | 0 | |a Murder |z United States |x History | |
| 650 | 0 | |a Murder |z United States |x Case studies | |
| 650 | 0 | |a Murder in literature | |
| 650 | 0 | |a Gothic revival (Literature) |z United States | |
| 650 | 0 | |a Murder |x United States |x History | |
| 650 | 0 | |a Murder |x United States |x Case studies | |
| 650 | 0 | |a Gothic revival (Literature) |x United States | |
| 650 | 0 | 7 | |0 (DE-588)4055891-5 |0 (DE-627)106156535 |0 (DE-576)209115777 |a Sozialpsychologie |2 gnd |
| 650 | 0 | 7 | |0 (DE-588)4040235-6 |0 (DE-627)106224611 |0 (DE-576)209038853 |a Mord |2 gnd |
| 651 | 7 | |0 (DE-588)4078704-7 |0 (DE-627)106076612 |0 (DE-576)209209682 |a Usa |2 gnd | |
| 689 | 0 | 0 | |d g |0 (DE-588)4078704-7 |0 (DE-627)106076612 |0 (DE-576)209209682 |a USA |2 gnd |
| 689 | 0 | 1 | |d s |0 (DE-588)4165739-1 |0 (DE-627)105437948 |0 (DE-576)209897430 |a Kriminalliteratur |2 gnd |
| 689 | 0 | 2 | |d s |0 (DE-588)4224110-8 |0 (DE-627)104989181 |0 (DE-576)210295309 |a Mord |g Motiv |2 gnd |
| 689 | 0 | 3 | |d s |0 (DE-588)4157930-6 |0 (DE-627)104808306 |0 (DE-576)209838221 |a Gothic novel |2 gnd |
| 689 | 0 | |5 (DE-627) | |
| 856 | 4 | 2 | |u http://www.h-net.org/review/hrev-a0b3t3-aa |v 2016-07-07 |x Verlag |y Book review (H-Net) |7 1 |
| 856 | 4 | 2 | |u http://www.h-net.org/review/hrev-a0b0x1-aa |v 2016-07-07 |x Verlag |y Book review (H-Net) |7 1 |
| 856 | 4 | 2 | |u http://www.h-net.org/reviews/showrev.php?id=3548 |v 2016-07-07 |x Verlag |y Book review (H-Net) |7 1 |
| 935 | |i Blocktest | ||
| 935 | |h HEB |i 0501 | ||
| 935 | |h HEB |i 0503 | ||
| 936 | r | v | |a HT 1821 |b Sonstige Arten und Formen |k Anglistik. Amerikanistik |k Amerikanische Literatur |k 19. Jahrhundert |k Literaturgeschichte |k Geschichte einzelner Gattungen |k Epik |k Erzählende Prosa |k Sonstige Arten und Formen |0 (DE-627)1271746700 |0 (DE-625)rvk/53412: |0 (DE-576)201746700 |
| 936 | b | k | |a 18.06 |j Angloamerikanische Literatur |0 (DE-627)106415417 |
| 936 | b | k | |a 17.87 |j Besondere Literaturkategorien |0 (DE-627)106416049 |
| 936 | s | n | |a h100 |2 mzub |
| 936 | s | n | |a m200 |2 mzub |
| 951 | |a BO | ||
| ELC | |b 1 | ||
| LOK | |0 000 xxxxxcx a22 zn 4500 | ||
| LOK | |0 001 3080626346 | ||
| LOK | |0 003 DE-627 | ||
| LOK | |0 004 244456658 | ||
| LOK | |0 005 20000812000000 | ||
| LOK | |0 008 990305||||||||||||||||ger||||||| | ||
| LOK | |0 040 |a DE-21 |c DE-627 |d DE-21 | ||
| LOK | |0 852 |a DE-21 | ||
| LOK | |0 852 1 |c KB 19 A 7191 |9 00 | ||
| LOK | |0 935 |a krim | ||
| LOK | |0 936ln |a k10.8 | ||
| LOK | |0 939 |a 05-03-99 |b l01 | ||
| ORI | |a SA-MARC-krimdoka001.raw | ||
| SIG | |a UB: KB 19 A 7191 | ||
